<?xml version="1.0" encoding="UTF-8"?>
<record
    xmlns:xsi="http://www.w3.org/2001/XMLSchema-instance"
    xsi:schemaLocation="http://www.loc.gov/MARC21/slim http://www.loc.gov/standards/marcxml/schema/MARC21slim.xsd"
    xmlns="http://www.loc.gov/MARC21/slim">

  <leader>01312nam a22002297a 4500</leader>
  <controlfield tag="003">NALT</controlfield>
  <controlfield tag="005">20241224141738.0</controlfield>
  <controlfield tag="008">240718b        th ||||| |||| 00| 0 tha d</controlfield>
  <datafield tag="020" ind1=" " ind2=" ">
    <subfield code="a">9786167197999</subfield>
  </datafield>
  <datafield tag="040" ind1=" " ind2=" ">
    <subfield code="a">NALT</subfield>
  </datafield>
  <datafield tag="041" ind1=" " ind2=" ">
    <subfield code="a">tha</subfield>
  </datafield>
  <datafield tag="090" ind1=" " ind2=" ">
    <subfield code="a">KR 40</subfield>
    <subfield code="b">&#xE04;121&#xE04; 2552</subfield>
  </datafield>
  <datafield tag="110" ind1="2" ind2=" ">
    <subfield code="a">&#xE2A;&#xE33;&#xE19;&#xE31;&#xE01;&#xE07;&#xE32;&#xE19;&#xE04;&#xE13;&#xE30;&#xE01;&#xE23;&#xE23;&#xE21;&#xE01;&#xE32;&#xE23;&#xE02;&#xE49;&#xE2D;&#xE21;&#xE39;&#xE25;&#xE02;&#xE48;&#xE32;&#xE27;&#xE2A;&#xE32;&#xE23;&#xE02;&#xE2D;&#xE07;&#xE23;&#xE32;&#xE0A;&#xE01;&#xE32;&#xE23;</subfield>
    <subfield code="9">26043</subfield>
  </datafield>
  <datafield tag="245" ind1="1" ind2="0">
    <subfield code="a">&#xE04;&#xE33;&#xE27;&#xE34;&#xE19;&#xE34;&#xE08;&#xE09;&#xE31;&#xE22;&#xE40;&#xE23;&#xE37;&#xE48;&#xE2D;&#xE07;&#xE2D;&#xE38;&#xE17;&#xE18;&#xE23;&#xE13;&#xE4C; &#xE1B;&#xE35; 2552 &#xE42;&#xE14;&#xE22;&#xE04;&#xE13;&#xE30;&#xE01;&#xE23;&#xE23;&#xE21;&#xE01;&#xE32;&#xE23;&#xE27;&#xE34;&#xE19;&#xE34;&#xE08;&#xE09;&#xE31;&#xE22;&#xE01;&#xE32;&#xE23;&#xE40;&#xE1B;&#xE34;&#xE14;&#xE40;&#xE1C;&#xE22;&#xE02;&#xE49;&#xE2D;&#xE21;&#xE39;&#xE25;&#xE02;&#xE48;&#xE32;&#xE27;&#xE2A;&#xE32;&#xE23; /</subfield>
    <subfield code="b">&#xE2A;&#xE33;&#xE19;&#xE31;&#xE01;&#xE07;&#xE32;&#xE19;&#xE04;&#xE13;&#xE30;&#xE01;&#xE23;&#xE23;&#xE21;&#xE01;&#xE32;&#xE23;&#xE02;&#xE49;&#xE2D;&#xE21;&#xE39;&#xE25;&#xE02;&#xE48;&#xE32;&#xE27;&#xE2A;&#xE32;&#xE23;&#xE02;&#xE2D;&#xE07;&#xE23;&#xE32;&#xE0A;&#xE01;&#xE32;&#xE23;.</subfield>
  </datafield>
  <datafield tag="260" ind1=" " ind2=" ">
    <subfield code="a">&#xE01;&#xE23;&#xE38;&#xE07;&#xE40;&#xE17;&#xE1E;&#xE2F; :</subfield>
    <subfield code="b">&#xE2A;&#xE33;&#xE19;&#xE31;&#xE01;&#xE07;&#xE32;&#xE19;&#xE04;&#xE13;&#xE30;&#xE01;&#xE23;&#xE23;&#xE21;&#xE01;&#xE32;&#xE23;&#xE02;&#xE49;&#xE2D;&#xE21;&#xE39;&#xE25;&#xE02;&#xE48;&#xE32;&#xE27;&#xE2A;&#xE32;&#xE23;&#xE02;&#xE2D;&#xE07;&#xE23;&#xE32;&#xE0A;&#xE01;&#xE32;&#xE23;, </subfield>
    <subfield code="c">2553.</subfield>
  </datafield>
  <datafield tag="300" ind1=" " ind2=" ">
    <subfield code="a">(6), 434 &#xE2B;&#xE19;&#xE49;&#xE32; ;</subfield>
    <subfield code="c">29 &#xE0B;&#xE21;.</subfield>
  </datafield>
  <datafield tag="650" ind1=" " ind2="4">
    <subfield code="a">&#xE02;&#xE49;&#xE2D;&#xE21;&#xE39;&#xE25;&#xE02;&#xE48;&#xE32;&#xE27;&#xE2A;&#xE32;&#xE23;&#xE02;&#xE2D;&#xE07;&#xE23;&#xE32;&#xE0A;&#xE01;&#xE32;&#xE23;</subfield>
    <subfield code="x">&#xE04;&#xE33;&#xE27;&#xE34;&#xE19;&#xE34;&#xE08;&#xE09;&#xE31;&#xE22;</subfield>
    <subfield code="9">51853</subfield>
  </datafield>
  <datafield tag="650" ind1=" " ind2="4">
    <subfield code="a">&#xE02;&#xE49;&#xE2D;&#xE21;&#xE39;&#xE25;&#xE02;&#xE48;&#xE32;&#xE27;&#xE2A;&#xE32;&#xE23;&#xE02;&#xE2D;&#xE07;&#xE23;&#xE32;&#xE0A;&#xE01;&#xE32;&#xE23;</subfield>
    <subfield code="z">&#xE44;&#xE17;&#xE22;</subfield>
    <subfield code="9">22469</subfield>
  </datafield>
  <datafield tag="850" ind1=" " ind2=" ">
    <subfield code="a">NALT</subfield>
  </datafield>
  <datafield tag="942" ind1=" " ind2=" ">
    <subfield code="2">local</subfield>
    <subfield code="c">LB</subfield>
  </datafield>
  <datafield tag="996" ind1=" " ind2=" ">
    <subfield code="a">kornsiririn.r</subfield>
    <subfield code="b">CATSTF	</subfield>
    <subfield code="c">2024-07-18</subfield>
  </datafield>
  <datafield tag="999" ind1=" " ind2=" ">
    <subfield code="c">105546</subfield>
    <subfield code="d">105546</subfield>
  </datafield>
  <datafield tag="998" ind1=" " ind2=" ">
    <subfield code="j">3099</subfield>
    <subfield code="k"> &#xE1E;&#xE23;&#xE27;&#xE34;&#xE17;&#xE39;  &#xE42;&#xE04;&#xE49;&#xE27;&#xE04;&#xE0A;&#xE32;&#xE20;&#xE23;&#xE13;&#xE4C;</subfield>
  </datafield>
  <datafield tag="952" ind1=" " ind2=" ">
    <subfield code="0">0</subfield>
    <subfield code="1">0</subfield>
    <subfield code="2">local</subfield>
    <subfield code="4">0</subfield>
    <subfield code="7">0</subfield>
    <subfield code="8">CSEN</subfield>
    <subfield code="a">NALT</subfield>
    <subfield code="b">NALT</subfield>
    <subfield code="c">LAW</subfield>
    <subfield code="d">2024-07-18</subfield>
    <subfield code="l">0</subfield>
    <subfield code="o">KR 40 &#xE04;121&#xE04; 2552</subfield>
    <subfield code="p">0100011408001</subfield>
    <subfield code="r">2024-07-18 00:00:00</subfield>
    <subfield code="w">2024-07-18</subfield>
    <subfield code="y">LB</subfield>
  </datafield>
</record>
